003570000a22001210004500090001700000245006400017041001300081700003400094100003500128942001300163773004200176999001700218 aAsbSeriadas10aDiversity of benthic marine algae of the colombian Atlantic0 aInglés1 aDíaz Ruíz , Martha9999171 aDíaz Pulido, Guillermo93757 cARTICULO1 tBiota Colombianah2q203-246d2003g4 c15669d15669